000 00307nam a22001337a 4500
008 171002b xxu||||| |||| 00| 0 eng d
020 _a2900312454165
041 _aeng
080 _a37
100 _a47
101 _aEDU
245 _aACTING OUT CULTURE READING AND WRITING
_cMILLER,J,S
942 _2udc
_cBK
999 _c31140
_d31140